000 00286nam a2200109Ia 4500
008 200302s9999 xx 000 0 und d
100 _aAvi Friedman
245 _aInnovations in Houses Concepts for Susainable Living
260 _bLaurence King Publishing
260 _c2013
300 _a256
999 _c3379
_d3379